| 000 | 01256nam a2200337 i 4500 | ||
|---|---|---|---|
| 001 | 000019290 | ||
| 003 | DO-SdBNP | ||
| 005 | 20250715100115.0 | ||
| 007 | ta | ||
| 008 | 900831s1969 sp b 000 0 spa d | ||
| 040 |
_aDO-SdBNP _bspa _cBNPHU _erda |
||
| 041 | _aspa | ||
| 082 | 4 |
_a864.5 _bL333a 1969 _222 |
|
| 100 | 1 |
_aLarra, Mariano José de, _d1809-1837 _eautor _4aut. _98739 |
|
| 245 | 1 | 0 |
_aArtículos de costumbres / _cLarra ; antología dispuesta y prologada por Azorín. |
| 250 | _a10a ed. | ||
| 264 |
_aMadrid, (España) : _bEditorial Espasa-Calpe, _c1969. |
||
| 300 |
_a170, [16] páginas ; _c18 cm. |
||
| 336 |
_atexto _btxt _2rdacontent |
||
| 337 |
_asin mediación _bn _2rdamedia |
||
| 338 |
_avolumen _bnc _2rdacarrier |
||
| 490 | 1 |
_aAmarilla: libros políticos y documentos de la época _v306 |
|
| 490 | 1 | _aAustral | |
| 500 | _aIncluye índice de autores | ||
| 650 | 4 |
_aEnsayos españoles _93095 |
|
| 650 | 4 |
_aLiteratura española _9632 |
|
| 651 | 4 |
_aEspaña _xVida Social Y Costumbres _xEnsayos, Conferencias, Etc. _941485 |
|
| 700 | 1 |
_aMartínez Ruíz, José Augusto Trinidad, _cAzorín _d1873-1967 _eprologuista _941486 |
|
| 830 | 0 |
_aAustral. _pAmarilla: libros políticos y documentos de la época _v306 _941487 |
|
| 942 |
_2ddc _cLBS1 |
||
| 999 |
_c18808 _d18808 |
||